000 00334nam a2200133Ia 4500
005 20260328104327.0
008 260328s9999||||xx |||||||||||||| ||und||
100 _aGoldberger, Paul
245 0 _aDiálogo con la Arquitectura USA /
_cPaul Goldberger
260 _bGustavo Gili
300 _a218 p.
650 _aTEORÍA
942 _cBK
999 _c11555
_d11555